| 000 | 00510nam a2200181 i 4500 | ||
|---|---|---|---|
| 001 | 64693 | ||
| 003 | ES-MaACL | ||
| 005 | 20240502063040.0 | ||
| 007 | t| | ||
| 008 | 040105s1979 sp ||||1| cat d | ||
| 100 | 1 |
_aFormosa, Feliu, _d1934- _951759 |
|
| 245 | 1 | 3 |
_aEl present vulnerable _b: Diaris I (1973-1978) / _cFeliu Formosa. |
| 250 | _a[1ยช ed.]. | ||
| 260 |
_aBarcelona : _bLaia, _c[1979] |
||
| 300 |
_a274 p. ; _c20 cm. |
||
| 852 |
_aES-MaACL _jA-10862 _bR.100007 |
||
| 999 |
_c64693 _d64693 |
||